MARC

LEADER 00000nam0a2200000 4500
001 290540
005 20231102000310.0
035 |a (RuTPU)RU\TPU\book\315092 
090 |a 290540 
100 |a 20150407d1970 k y0rusy50 ca 
101 0 |a rus 
102 |a RU 
105 |a a z 001zy 
200 1 |a Урологическая эндоскопия  |f Б. Е. Гайсинский [и др.] 
210 |a Москва  |c Медицина  |d 1970 
215 |a 120 с.  |c ил. 
225 1 |a Библиотека работника медицинской промышленности 
320 |a Библиогр.: с. 118-119. 
606 1 |a Диагностика медицинская  |2 stltpush  |3 (RuTPU)RU\TPU\subj\9421  |9 36675 
610 1 |a урологические заболевания 
610 1 |a урология 
610 1 |a эндоскопия 
610 1 |a мочеполовая система 
610 1 |a исследования 
675 |a 616-07  |v 3 
701 1 |a Гайсинский  |b Б. Е. 
701 1 |a Гудынский  |b Я. В. 
701 1 |a Рабинович  |b Б. Н. 
701 1 |a Хохлова  |b Н. М. 
801 1 |a RU  |b 63413507  |c 20150407 
801 2 |a RU  |b 63413507  |c 20171011  |g RCR 
942 |c BK